00551nam a2200205 a 4500001001300000003000900013005001700022008004100039020002300080082001800103100001800121245005300139260004000192300000900232500003500241505001000276650001200286650002900298700001800327nice12345678IN_TiNIC20260116013808.0050524s1994 newa grp 000 0 eng  a8170200 c32500a954.092bGAN1 aGanguly, Rita aBismillah Khan and Benarasb the Seat of Shehnai aNew DelhibCosmo Publicationsc1994 a157p aincludes index and biblioraphy2 aIndex aShehnai aBismillah Khan-Biography1 aGanguly, Rita